Nursing for community health ... (Record no. 38283)

MARC details
000 -LEADER
fixed length control field 00609cam a22002291 4500
001 - CONTROL NUMBER
control field med47001270
003 - CONTROL NUMBER IDENTIFIER
control field DLC
005 - DATE AND TIME OF LATEST TRANSACTION
control field 20260227111602.0
008 - FIXED-LENGTH DATA ELEMENTS--GENERAL INFORMATION
fixed length control field 750822s1947 xx 000 0 eng
010 ## - LIBRARY OF CONGRESS CONTROL NUMBER
LC control number med47001270
035 ## - SYSTEM CONTROL NUMBER
System control number (OCoLC)1563292
040 ## - CATALOGING SOURCE
Original cataloging agency DLC
Transcribing agency FMU
Modifying agency DLC
050 00 - LIBRARY OF CONGRESS CALL NUMBER
Classification number RT97
Item number .W35 1947
082 ## - DEWEY DECIMAL CLASSIFICATION NUMBER
Classification number 614.073
100 1# - MAIN ENTRY--PERSONAL NAME
Personal name Waterman, Theda L.,
Dates associated with a name 1897-
245 10 - TITLE STATEMENT
Title Nursing for community health ...
250 ## - EDITION STATEMENT
Edition statement 2d ed.
260 ## - PUBLICATION, DISTRIBUTION, ETC.
Place of publication, distribution, etc. Philadelphia,
Name of publisher, distributor, etc. Davis,
Date of publication, distribution, etc. 1947.
300 ## - PHYSICAL DESCRIPTION
Extent ix, 421 p.
Other physical details illus. (part col.)
Dimensions 23 cm.
650 #0 - SUBJECT ADDED ENTRY--TOPICAL TERM
Topical term or geographic name entry element Public health nursing.
650 #0 - SUBJECT ADDED ENTRY--TOPICAL TERM
Topical term or geographic name entry element Public health.

No items available.

Powered by Koha